| 000 | 01250nam a2200289 i 4500 | ||
|---|---|---|---|
| 003 | EG-ScBUE | ||
| 005 | 20231214103632.0 | ||
| 008 | 100708s1999 ua f b 000 0bara d | ||
| 020 | _a97755159509 | ||
| 040 |
_aEG-ScBUE _bara _erda _cEG-ScBUE _dEG-ScBUE |
||
| 082 | 0 | 4 |
_222 _a956.95043 _bم ح م |
| 100 | 1 |
_916082 _aمحمود، عبد المنعم حمزة، _d1950- _eمؤلف. |
|
| 245 | 1 | 0 |
_aأسرار مواقف وقرارات الملك حسين : _bما بين مؤيد ومعارض / _cعبد المنعم حمزة محمود. |
| 264 | 1 |
_aالقاهرة : _bمطبعة نيوسافوي، _c1999. |
|
| 300 |
_a375 صفحة ؛ _c22 سم |
||
| 336 |
_2rdacontent _aنص _btxt |
||
| 337 |
_aبدون وسيط _2rdamedia _bn |
||
| 338 |
_aمجلد _bnc _2rdacarrier |
||
| 504 | _aيشتمل على إرجاعات ببليوجرافية. | ||
| 541 |
_aالف باء ؛ _cشراء ؛ |
||
| 600 | 1 | 7 |
_916335 _aالحسين بن طلال بن عبد الله _cملك الأردن _d1935-1999. _2BUEsh |
| 651 | 7 |
_916334 _aالأردن _xأحوال سياسية _yالعصر الحديث. _2BUEsh |
|
| 651 | 7 |
_916336 _aالأردن _xملوك وحكام _vتراجم. _2BUEsh |
|
| 653 | _cApril2012 | ||
| 655 | _vReading book | ||
| 942 |
_2ddc _cBB |
||
| 999 |
_c14439 _d14439 |
||